Estudio Q
Salvato in:
| Autore principale: | |
|---|---|
| Natura: | Libro |
| Lingua: | spagnolo |
| Pubblicazione: |
Ciudad de México
Joaquín Mortíz
1965
|
| Serie: | Novelistas Contemporáneos
|
| Soggetti: | |
| Tags: |
Aggiungi Tag
Nessun Tag, puoi essere il primo ad aggiungerne!!
|
MARC
| LEADER | 00000nam a2200000 a 4500 | ||
|---|---|---|---|
| 001 | UCT6624 | ||
| 003 | CL-VaPUC | ||
| 008 | 970113e19650000MX |||||||||||||||||spa|d | ||
| 082 | 0 | 4 | |a Me863 |b LEÑ |2 21 |
| 100 | |a Leñero, Vicente |e author |9 576634 | ||
| 245 | 1 | 0 | |a Estudio Q |
| 300 | |a 301 p | ||
| 942 | |c BK | ||
| 945 | |d 19970113 00:00:00 |a rleighto | ||
| 260 | |a Ciudad de México |b Joaquín Mortíz |c 1965 | ||
| 650 | 0 | |a Novelas mexicanas |9 317570 | |
| 583 | |a last modification |c 19970113 00:00:00 |k Rodrigo Vera | ||
| 490 | 0 | |a Novelistas Contemporáneos | |
| 999 | |c 255309 |d 255307 | ||
| 952 | |0 0 |1 0 |4 0 |6 ME_863_000000000000000_LEÑ_1965 |7 0 |8 A |9 277511 |a BIBEDU |b BIBEDU |d 2019-11-19 |i 3272354 |o Me863 LEÑ 1965 |p 3272354 |r 2019-11-19 |w 2019-11-19 |y BK |k LIT | ||